01005nam a2200301 a 450000100060000000300080000600500170001400800410003102000260007203500190009803500230011703500270014003500190016703500160018604000350020204100080023708200220024509000220026710000370028924500570032626000520038330000320043550400410046765000330050894200120054199900170055395201330057042958BD-RjUL20211209053625.0160618c19751974nyua b 000 0 eng  a0631155007 c : $5.95 a(OCoLC)1166699 a(OCoLC)ocm01166699 a(CStRLIN)NYCG87-B30604 a(BD-RjUL)43076 a(NNC)550488 dBD-RjULaBD-RjULbengcBD-RjUL aeng a330.156bHIC 1975 aHB99.7b.H52 19751 aHicks, John,d1904-1989.913192714aThe crisis in Keynesian economics /cSir John Hicks. aNew York :bBasic Books,c c1974 [Reprined1975] aix, 85 p. :bill. ;c21 cm. aIncludes bibliographical references. 0aKeynesian economics.9130705 2ddccBK c42958d42958 00102ddc40708NFICaRUCLbRUCLcStackd1983-05-19eHelfag4.50l0o330.156 HIC 1975r2016-06-18 00:00:00tC-2w2016-06-18yBK